| 000 | 00736nam a2200217Ia 4500 | ||
|---|---|---|---|
| 008 | 0000001990 mX ad 0000000000spa00 | ||
| 090 | _aPSP00 R62q | ||
| 100 | 1 | _aRodríguez Coronel, Rogelio | |
| 245 | 1 | 0 |
_aQijano _c/ textos Rogelio Rodríguez Coronel ; fotos de Pablos |
| 300 |
_a[48] p. _c/ 29 cm. |
||
| 500 | _aIncluye cronología del artista \ Registro auspiciado por la FGAA. Bogotá | ||
| 600 | 0 | 0 |
_aQIJANO/ _xTRABAJOS PICTORICOS |
| 650 | 1 | 4 | _aARTE CONTEMPORANEO ESPAÑOL |
| 650 | 1 | 4 | _aARTISTAS PLASTICOS ESPAÑOLES |
| 650 | 1 | 4 | _xCATALOGOS |
| 650 | 1 | 4 | _aPINTORES ESPAÑOLES |
| 650 | 1 | 4 | _aPINTURA AL OLEO |
| 650 | 1 | 4 | _aPINTURA ESPAÑOLA |
| 700 | 1 | _aPablos | |
| 999 |
_c10839 _d10839 |
||
| 260 |
_a[Getafe] : [Disenpack] _c1990 |
||